Tamarind city : (Record no. 67039)

MARC details
000 -LEADER
fixed length control field 00814nam a22002177a 4500
005 - DATE AND TIME OF LATEST TRANSACTION
control field 20120411115531.0
008 - FIXED-LENGTH DATA ELEMENTS--GENERAL INFORMATION
fixed length control field 120411t xxu||||| |||| 00| 0 eng d
010 ## - LCCN (DPL NO)
LC control number ENG-105352
020 ## - INTERNATIONAL STANDARD BOOK NUMBER
International Standard Book Number 9789381626337
Terms of availability 295.00
035 ## - SYSTEM CONTROL NUMBER
System control number EN-88885
037 ## - SOURCE OF ACQUISITION
Source of stock number/acquisition DBAD/PUB
040 ## - CATALOGING SOURCE
Original cataloging agency DPL
Language of cataloging Eng
082 ## - DEWEY DECIMAL CLASSIFICATION NUMBER
Classification number 894.81109
100 ## - MAIN ENTRY--PERSONAL NAME
9 (RLIN) 44715
Personal name Ghosh, Bishwanath
245 ## - TITLE STATEMENT
Title Tamarind city :
Statement of responsibility, etc by Bishwanath Ghosh
Remainder of title where modern India began /
260 ## - PUBLICATION, DISTRIBUTION, ETC. (IMPRINT)
Place of publication, distribution, etc Chennai
Name of publisher, distributor, etc Tranquebar press
Date of publication, distribution, etc 2012
270 ## - ADDRESS
Address Venkat Towers,165, P.H.Road,Maduravoyal
City Chennai
Postal code 600095
300 ## - PHYSICAL DESCRIPTION
Extent xviii,315p.
Dimensions 22cm (pbk)
942 ## - ADDED ENTRY ELEMENTS (KOHA)
Source of classification or shelving scheme Dewey Decimal Classification
Item type English Books
Call number suffix GHO
Classification part 894.81109
Holdings
Withdrawn status Lost status Source of classification or shelving scheme Damaged status Not for loan Collection code Home library Current library Date acquired Source of acquisition Cost, normal purchase price Total Checkouts Full call number Barcode Date last seen Copy number Cost, replacement price Koha item type
    Dewey Decimal Classification   Not For Loan Non-fiction D.B.Act.Division D.B.Act.Division 22/05/2012 DBAD / PUB 295.00   894.81109 GHO EN-88885 22/05/2012 1 295.00 English Books

© Delhi Public Library
Hit Counter
free hit counter